Το μικρό είναι όμορφο
Αποθηκεύτηκε σε:
| Κύριος συγγραφέας: | |
|---|---|
| Άλλοι συγγραφείς: | , |
| Μορφή: | Βιβλίο |
| Γλώσσα: | Greek English |
| Δημοσίευση: |
Αθήνα :
Γλάρος,
1980.
|
| Θέματα: | |
| Ετικέτες: |
Προσθήκη ετικέτας
Δεν υπάρχουν, Καταχωρήστε ετικέτα πρώτοι!
|
MARC
| LEADER | 00000cam a2200000 i 4500 | ||
|---|---|---|---|
| 001 | 1/104348 | ||
| 008 | 000126s1980 gr | ||| |||| ||gre|| | ||
| 035 | |l 10013226 | ||
| 040 | |a GR-MyUA |b gre |e AACR2 | ||
| 041 | 1 | |a gre |h eng | |
| 082 | 0 | |a 330 | |
| 100 | 1 | |a Schumacher, E. F. |q (Ernst Friedrich), |d 1911-1977. | |
| 245 | 1 | 3 | |a Το μικρό είναι όμορφο / |c Ε. Φ. Σουμάχερ ; μετάφραση Φαράντος Χοϊδάς, Ολγα Τρέμη. |
| 260 | |a Αθήνα : |b Γλάρος, |c 1980. | ||
| 300 | |a 269 σ. | ||
| 650 | 0 | 0 | |a Economics. |
| 700 | 1 | |a Χοϊδάς, Φαράντος, |e trl | |
| 700 | 1 | |a Τρέμη, Ολγα, |e trlf | |
| 765 | 0 | 8 | |i Μετάφραση του: |t Small is beautiful : |
| 852 | |a INST |b LESVOS |e 20000126 |h 330 SCH |p 005100004398 |q 005100004398 |t BK |y 0 | ||
| 909 | |a Λ |b 008838 | ||